000 00731nam a2200229Ia 4500
003 OSt
005 20220928125204.0
006 a|||||r|||| 00| 0
007 ta
008 220927b |||||||| |||| 00| 0 eng d
024 _a38002
037 _cTextual
040 _aSDCL
_cSDCL
_beng
041 _2eng
_aeng
082 _aX9(M7):327.30m73'M, M1
100 _aJeremy David J
_9468784
245 0 _aTransatlantic industrial revolution
_b The diffusion of textile techonologies between Britain and America, 1790-1830
260 _aOxford
_bBasil Blackwell Publishers
_c1981
300 _axvii,384p
_ccm.
942 _hX9(M7):327.30m73'M, M1
_cTEXL
_2CC
999 _c781511
_d781511